=LDR 00000nam 2200000 4500 =001 INLIS000000000022657 =005 20130612121408 =008 ***********************************Ind** =035 ##$$0010-061300000022657 =041 ##$$a Ind =090 ##$$a 640.7, Hat p =100 ##$$a Hatmanto, Sumarti =245 ##$$a Pendidikan Kesejahtraan kluaraga, Suamarti hatmanto =260 ##$$a bina ilmu6c1977 $b Sur5abaya =300 ##$$a 120 hlm, ilus, 21 cm =650 ##$$a Kesejahtraan Keluarga =850 ##$$a NBPNMAT